Представление документа в формате RUSMARC

ПолеНазваниеЗначение
  Тип записи a
  Библиографический уровень a
001 Контрольный номер RU/CBS_Ul/BASE/515892722
005 Дата корректировки 20240209175200.1
100 Данные общей обработки __
a Данные общей обработки 20160506d2016 ||| 0rusy0189 ca
101 Язык документа 0_
a Язык текста rus
102 Страна публикации __
a Страна публикации RU
105 Кодированные данные (монография) __
a Кодированные данные (монография) y###||||000|y
200 Заглавие и сведения об ответственности 1_
a Заглавие Шостакович крупным планом
b Общее обозначение материала Текст
e Сведения, относящиеся к заглавию [к 40-летию со дня памяти великого советского композитора]
f Первые сведения об ответственности С. Россинская
300 Общие примечания __
a Общие примечания Ограничения по возрасту - 16+
461 Уровень набора _0
1 2000
a Клуб
463 Уровень физической единицы _0
1 001RU/CBS_Ul/BASE/495722884
1 2000
a № 8
v С. 3-4 : фото
1 210
d 2015
600 Персоналии _0
a Персоналии (Фамилия) Шостакович
b Персоналии (Имя, инициалы) Д.Д.
606 Тематические рубрики 0_
a Основная рубрика Шостакович, Дмитрий Дмитриевич (1906 - 1975)
610 Ключевые слова 0_
a Ключевые слова музыкальная культура советская
a Ключевые слова Седьмая симфония
a Ключевые слова пианисты советские
a Ключевые слова композиторы советские
686 Индексы других классификаций __
a Классификационный индекс 85.313(2)6
2 Код системы ББК
700 Автор _1
a Фамилия Россинская
b Имя (инициалы) С.
g Полное личное имя Светлана
801 Источник записи _0
a Страна RU
b Организация МБУК ЦБС г. Ульяновска
c Дата составления 20160506
g Правила каталогизации RCR
801 Источник записи _1
a Страна RU
b Организация МБУК ЦБС г. Ульяновска
c Дата составления 20160506
g Правила каталогизации RCR
901 Тип документа __
t Тип документа b
w Контрольный № источника RU/CBS_Ul/BASE/495722884
910 Корректоры записи __
a Корректор записи Библиотека 1
938 Служебная информация __
a Имя БД period